Celebrities in Old Commercials Quiz Stats

Quiz Updated Dec 13, 2015

Challenge
Share
Tweet
Score 0/16 Timer 05:00
3 Plays Today
% Correct
Steve Carell
89.3%
Ben Affleck
80.4%
Leonardo DiCaprio
77.8%
Stephen Colbert
70.4%
Matt LeBlanc
68%
Jack Black
65%
Tina Fey
64%
Seth Green
63.9%
% Correct
Paul Rudd
61.3%
Meg Ryan
55%
Mila Kunis
54.7%
Bryan Cranston
53.7%
Elijah Wood
51.9%
Britney Spears
47%
Lindsay Lohan
45.3%
Stanley Tucci
37.1%

You're not logged in!

Compare scores with friends on all Sporcle quizzes.
Sign Up with Email
OR
Log In

You Might Also Like...

Show Comments

Extras

Top Quizzes Today


Score Distribution

Your Account Isn't Verified!

In order to create a playlist on Sporcle, you need to verify the email address you used during registration. Go to your Sporcle Settings to finish the process.